00561 2200205 4500001002100000005001500021035002000036007000300056008004100059020001300100082000800113084001400121100002000135245006500155250000900220260003100229300003500260700004600295990001400341INLIS00000000000722220210312112522 a0010-0321000592ta210312 g 0 ind  a54090055 a510 a510 ALP d0 aAlpha C. Chiang1 aDasar-Dasar Matematika Ekonomi :bjilid 1 /cAlpha C. Chiang aEd.3 aJakarta :bErlangga,c1999 ax, 488 hlm. ;c24 cm x 15,5 cm0 aPenerjemah : Susatio Sudigno dan Nartanto a626203666